| 000 | 00883nam a2200229Ia 4500 | ||
|---|---|---|---|
| 001 | 621 | ||
| 003 | GE_BSU | ||
| 008 | 181216s||||||||xx |||||||||||||| ||und|| | ||
| 020 | _a9789941141942 | ||
| 040 | _cGE_BSU | ||
| 080 | _a681(075.8) | ||
| 100 | _aფრანგიშვილი,არჩილ და სხვა | ||
| 245 | _aკომპიუტერული ქსელების ინჟინირინგის საფუძვლები | ||
| 245 | _cრედ. მარიკა ჯიქია; გელა ჭიკაძე | ||
| 260 | _aთბილისი | ||
| 260 | _bტექნიკური უნ–ტი | ||
| 260 | _c2008 | ||
| 300 | _a264გვ. | ||
| 541 | _h8ლ. | ||
| 653 | _aკომპიუტერული ქსელების ინჟინირინგის საფუძვლები | ||
| 942 | _cBK | ||
| 999 |
_c34811 _d34811 |
||